| 000 | 005240000a22001810004500 | ||
|---|---|---|---|
| 041 | 0 | _aSPA | |
| 082 | 0 | 4 | _aG 266.1 G8551g |
| 100 | 1 | _aGriffiths, Michael | |
| 245 | 1 | 0 | _aGanar o perder la vida? / Michael Griffiths ; Sheila C. de Hussey |
| 260 | _aArgentina : Fondo Evangélico Hebrón | ||
| 300 | _a116 Pag | ||
| 500 | _aTítulo original : What on earth are you doing? | ||
| 001 | 7661 | ||
| 942 | _cBK | ||
| 999 |
_c37867 _d37867 |
||
| 336 |
_atexto _btxt _2rdacontent |
||
| 337 |
_2rdamedia _asin mediación _bn |
||
| 338 |
_2rdacarrier _avolumen _bnc |
||